Statistiche per Riconosci la Squadra di calcio - Quiz n°171

Clicka qui per fare il quiz!

Statistiche generali

  • Questo quiz è stato fatto 3 volte
  • Il punteggio medio è 7 su 10

Statistiche sulle risposte

IndizioRisposta% Corretto
Titoli nazionali4 Segunda Division
1 Segunda Division B
100%
SimboliAcciuga
100%
Colori socialiAzzurro, bianco
100%
ConfederazioneUEFA
100%
Trofei nazionali0
67%
Trofei internazionali1 Coppa Intertoto UEFA
67%
Capienza Stadio30 000 posti
67%
Divisione nazionale 2023-2024Terza
67%
Fondazione1904
33%
SquadraMálaga
33%

Distribuzione punteggi

Percentile per numero di risposta

Percentuale di utenti per punteggio

I tuoi punteggi nel tempo

Non hai fatto questo quiz